| 000 | 00966cab a2200289 4500 | ||
|---|---|---|---|
| 001 | ABS59289 | ||
| 008 | 090401t1998 xxu||||| |||| 00| 0 eng d | ||
| 035 | _a(Sirsi) u88588 | ||
| 041 | _aeng | ||
| 100 | _aMartin, D. | ||
| 245 | _aMinimising some of the risks of developing Historic Buildings | ||
| 260 | _c1998 | ||
| 350 | _a0 | ||
| 490 |
_aRICS Building Conservation Journal _v(20) Summer/Autumn 1998, 10-12(3) |
||
| 520 | _aHighlights some of the risks that developers and owners may encounter when proposing or undertaking works that affect historic buildings and their surroundings. Considering government guidance and managing potential risks. Plans. | ||
| 650 | _aARCHAEOLOGICAL SITES | ||
| 650 | _aDEVELOPMENT | ||
| 650 | _aHISTORIC BUILDINGS | ||
| 650 | _aPLANNING POLICY | ||
| 650 | _aPPG15 | ||
| 650 | _aPPG16 | ||
| 650 | _aRISK MANAGEMENT | ||
| 690 | _aCONSERVATION | ||
| 700 | _aPlace, C, | ||
| 942 | _n0 | ||
| 948 | _c23/09/1998 | ||
| 999 |
_c55997 _d55997 |
||